000 00660nam a2200193Ii 4500
003 JO-AjNU
008 230605s9999||||xx |||||||||||||| ||und||
040 _aJO-AjNU
_bara
_erda
_cJO-AjNU
041 _aara
050 1 4 _aPJ7505.4.I37.M83 1983
100 3 _aصبيحي،محي الدين,
_eauthor
_914384
245 0 0 _aد.إحسان عباس والنقد الأدبي
264 3 1 _aدمشق: اتحاد الكتاب العرب، 1983
300 _a150ص
336 _atext
_btxt
_2rdacontent
337 _aunmediated
_bn
_2rdamedia
338 _avolume
_bnc
_2rdacarrier
650 4 _aالادب العربي- النقد الادبي-احسان عباس
_914385
999 _aA3823
_c7391
_d7391